[Event "Rhein Main op-B 19th"]
[Site "Bad Homburg"]
[Date "2016.05.27"]
[Round "4"]
[White "Neubauer, Robert"]
[Black "Schmid, Herbert"]
[Result "1-0"]
[WhiteElo "1863"]
[BlackElo "1710"]
[PlyCount "81"]
[EventDate "2016.05.25"]
[EventType "swiss"]
[EventRounds "7"]
[EventCountry "GER"]
[SourceTitle "EXT 2017"]
[Source "ChessBase"]
[SourceDate "2016.10.25"]
[SourceVersion "1"]
[SourceVersionDate "2016.10.25"]
[SourceQuality "1"]

1. e4 c6 2. d4 d5 3. Nc3 dxe4 4. Nxe4 Bf5 5. Ng3 Bg6 6. Nf3 Nd7 7. Be2 Ngf6 8. 0-0 e6 9. c4 Bd6 10. Nh4 Bxg3 11. hxg3 Qc7 12. Nxg6 hxg6 13. Qa4 Nb6 14. Qb4 Ne4 15. Bf4 Qd7 16. Bf3 g5 17. Be5 f6 18. Bxe4 fxe5 19. Bg6+ Kd8 20. dxe5 Kc8 21. Rad1 Qc7 22. Rd6 a5 23. Qc5 Nd7 24. Qd4 Rd8 25. Rd1 c5 26. Qg4 Ra6 27. Rxa6 bxa6 28. Rd6 Nf8 29. Qf3 Kb8 30. Qb3+ Ka7 31. Be4 Rb8 32. Qc3 g6 33. b3 Rb4 34. Qd3 Rb8 35. Bxg6 Qg7 36. Qe3 Rc8 37. Bh5 g4 38. Qd2 Qxe5 39. Bxg4 Rc7 40. Bh3 Qg7 41. Qxa5 1-0

[Event "Rhein Main op-B 19th"]
[Site "Bad Homburg"]
[Date "2016.05.25"]
[Round "1"]
[White "Goodwin, David"]
[Black "Neubauer, Robert"]
[Result "0-1"]
[WhiteElo "1505"]
[BlackElo "1863"]
[PlyCount "76"]
[EventDate "2016.05.25"]
[EventType "swiss"]
[EventRounds "7"]
[EventCountry "GER"]
[SourceTitle "EXT 2017"]
[Source "ChessBase"]
[SourceDate "2016.10.25"]
[SourceVersion "1"]
[SourceVersionDate "2016.10.25"]
[SourceQuality "1"]

1. Nf3 Nf6 2. g3 g6 3. Bg2 Bg7 4. d3 d5 5. 0-0 0-0 6. Nbd2 Nc6 7. c3 e5 8. e4 Re8 9. Qc2 b6 10. exd5 Nxd5 11. Nc4 Be6 12. Ng5 Bf5 13. Ne4 Qd7 14. Ne3 Nxe3 15. Bxe3 Bh3 16. f4 Bxg2 17. Kxg2 Qd5 18. f5 Rad8 19. fxg6 hxg6 20. Kg1 Qxd3 21. Qxd3 Rxd3 22. Bg5 f5 23. Nf6+ Bxf6 24. Bxf6 e4 25. Rf4 Re6 26. Bg5 Ne5 27. Kg2 Nf3 28. Rxf3 Rxf3 29. Re1 Rd6 30. Re2 c5 31. h4 Rd1 32. Rf2 Rxf2+ 33. Kxf2 Rb1 34. b4 cxb4 35. cxb4 Rxb4 36. a3 Rb2+ 37. Kf1 Rb3 38. Be7 Rxg3 0-1

[Event "Hessen-ch op-B"]
[Site "Floersheim"]
[Date "2016.05.07"]
[Round "5"]
[White "Neubauer, Robert"]
[Black "Weber, Andreas"]
[Result "1/2-1/2"]
[WhiteElo "1795"]
[BlackElo "1792"]
[PlyCount "105"]
[EventDate "2016.05.05"]
[EventType "swiss"]
[EventRounds "7"]
[EventCountry "GER"]
[SourceTitle "EXT 2022"]
[Source "ChessBase"]
[SourceDate "2021.10.06"]
[SourceVersion "1"]
[SourceVersionDate "2021.10.06"]
[SourceQuality "1"]

1. e4 d5 2. exd5 Nf6 3. d4 Bg4 4. Be2 Bxe2 5. Qxe2 Qxd5 6. Nf3 Nc6 7. c4 Qe4 8. Qxe4 Nxe4 9. Nbd2 Nxd2 10. Bxd2 e6 11. a3 0-0-0 12. Bc3 Be7 13. 0-0 Bf6 14. Rad1 Rd7 15. Rd2 Rhd8 16. Rfd1 g5 17. g4 h6 18. b4 Ne7 19. a4 Ng6 20. Kf1 Nf4 21. a5 h5 22. gxh5 Rh8 23. Ne5 Re7 24. h6 Rxh6 25. Ng4 Rh3 26. Bb2 Bg7 27. d5 Bxb2 28. dxe6 Nxe6 29. Rxb2 Rh4 30. f3 Rd7 31. Rbd2 Rxd2 32. Rxd2 f5 33. Ne3 Rf4 34. Kg2 Rd4 35. Rxd4 Nxd4 36. Nd5 Kd7 37. f4 g4 38. h3 gxh3+ 39. Kxh3 c6 40. Ne3 Ke6 41. Kg3 b6 42. axb6 axb6 43. Kf2 Kd6 44. Ke1 Ke7 45. Kd2 Kf6 46. Kd3 Ne6 47. Ng2 Ke7 48. b5 Kd6 49. bxc6 Kxc6 50. Kc3 b5 51. cxb5+ Kxb5 52. Ne3 Nxf4 53. Nxf5 1/2-1/2

[Event "Hessen-ch op-B"]
[Site "Floersheim"]
[Date "2016.05.06"]
[Round "3"]
[White "Neubauer, Robert"]
[Black "Naujocks, Christian"]
[Result "1-0"]
[WhiteElo "1795"]
[BlackElo "1684"]
[PlyCount "33"]
[EventDate "2016.05.05"]
[EventType "swiss"]
[EventRounds "7"]
[EventCountry "GER"]
[SourceTitle "EXT 2022"]
[Source "ChessBase"]
[SourceDate "2021.10.06"]
[SourceVersion "1"]
[SourceVersionDate "2021.10.06"]
[SourceQuality "1"]

1. e4 c5 2. Nf3 e6 3. d4 cxd4 4. Qxd4 Nc6 5. Qa4 Nf6 6. Nc3 Bb4 7. Bd2 0-0 8. a3 Bc5 9. e5 Nd5 10. Bd3 Nde7 11. Bxh7+ Kxh7 12. Qh4+ Kg8 13. Ng5 Re8 14. Qh7+ Kf8 15. Qh8+ Ng8 16. Nh7+ Ke7 17. Bg5+ 1-0

[Event "Hessen-ch op-B"]
[Site "Floersheim"]
[Date "2016.05.05"]
[Round "2"]
[White "Straub, Fabian"]
[Black "Neubauer, Robert"]
[Result "0-1"]
[WhiteElo "1671"]
[BlackElo "1795"]
[PlyCount "48"]
[EventDate "2016.05.05"]
[EventType "swiss"]
[EventRounds "7"]
[EventCountry "GER"]
[SourceTitle "EXT 2022"]
[Source "ChessBase"]
[SourceDate "2021.10.06"]
[SourceVersion "1"]
[SourceVersionDate "2021.10.06"]
[SourceQuality "1"]

1. e4 e5 2. Bc4 Nf6 3. Qe2 Bc5 4. c3 0-0 5. d3 d5 6. Bb3 dxe4 7. dxe4 Ng4 8. Nh3 h6 9. Nd2 a5 10. Nf1 a4 11. Bc4 c6 12. Ne3 Qh4 13. Bd2 Nxe3 14. Bxe3 Bg4 15. Qd2 Rd8 16. Bd3 Na6 17. Ng1 Rd7 18. Ne2 Rad8 19. Nc1 f5 20. g3 Qh3 21. Qc2 Qg2 22. Rf1 fxe4 23. Be2 Rd1+ 24. Bxd1 Rxd1+ 0-1

[Event "Hofheim Spring op-B 4th"]
[Site "Hofheim"]
[Date "2016.04.02"]
[Round "9"]
[White "Schwarz, Daniel"]
[Black "Neubauer, Robert"]
[Result "0-1"]
[WhiteElo "1503"]
[BlackElo "1795"]
[PlyCount "48"]
[EventDate "2016.03.30"]
[EventType "swiss"]
[EventRounds "9"]
[EventCountry "GER"]
[SourceTitle "EXT 2018"]
[Source "ChessBase"]
[SourceDate "2017.10.13"]
[SourceVersion "1"]
[SourceVersionDate "2017.10.13"]
[SourceQuality "1"]

1. e4 e5 2. Nf3 Nf6 3. Nc3 Nc6 4. Bb5 Bc5 5. Nxe5 Nxe5 6. d4 Bd6 7. dxe5 Bxe5 8. 0-0 0-0 9. Qe2 Re8 10. f3 c6 11. Bd3 Qb6+ 12. Kh1 d5 13. Re1 Bd7 14. Qd2 Qc7 15. h3 Bg3 16. Rf1 Rad8 17. exd5 cxd5 18. b3 Qc8 19. Bb2 Bb8 20. Qf2 Qc7 21. Qg1 Nh5 22. g4 Ng3+ 23. Kg2 Nxf1 24. Qxf1 Qg3+ 0-1

[Event "Rhein Main op-B 18th"]
[Site "Bad Homburg"]
[Date "2015.06.03"]
[Round "1"]
[White "Neubauer, Robert"]
[Black "Sallwey, Rainer"]
[Result "1-0"]
[WhiteElo "1817"]
[BlackElo "1443"]
[PlyCount "41"]
[EventDate "2015.06.03"]
[EventType "swiss"]
[EventRounds "7"]
[EventCountry "GER"]
[SourceTitle "CBM 167 Extra"]
[Source "ChessBase"]
[SourceDate "2015.09.14"]
[SourceVersion "1"]
[SourceVersionDate "2015.09.14"]
[SourceQuality "1"]

1. e4 c5 2. Nf3 d6 3. d4 cxd4 4. Nxd4 a6 5. Nc3 e6 6. Be3 Nf6 7. Qd2 Be7 8. Be2 Bd7 9. g4 h6 10. 0-0-0 Nc6 11. f3 Qa5 12. Nb3 Qc7 13. h4 Nh7 14. f4 0-0-0 15. Na4 Rde8 16. Bb6 Qb8 17. Nbc5 Nf6 18. g5 hxg5 19. fxg5 Ng8 20. Nxa6 Qa8 21. N4c5 1-0